| 000 | 00468nam a2200181Ia 4500 | ||
|---|---|---|---|
| 005 | 20250326124129.0 | ||
| 008 | 250326s9999 xx 000 0 und d | ||
| 037 | _aTextbook | ||
| 040 |
_aFMSL _beng _cFMSL |
||
| 041 |
_aeng _2eng |
||
| 084 |
_aX;51 L1;1 _qFMSL |
||
| 100 |
_aWills G _9736839 |
||
| 245 | 0 |
_aContemporary marketing _cWills G |
|
| 260 |
_aNY _bNY, Pitman _c1971 |
||
| 300 | _a236p | ||
| 942 |
_cTB _hX;51 L1;1 |
||
| 999 |
_c1272421 _d1272421 |
||